zpět

Detail výsledku týmu

Rockle Klub, České Budějovice

Datum a čas kvízu

35.5 Celkem bodů Celkový počet nahraných bodů na tomto kvízu bez doplňovacích otázek.
3. Pořadí na kvízu Konečné umístění týmu na tomto kvízu.

Zaznamenané odpovědi

# Otázka Odpověď Body Výsledky
1. Na politickou scénu se vracejí... Taťána Malá; spravedlnost 0.5
2. K půlročnímu vězení odsoudil n... líbali se 0
3. Minulou středu měla premiéru t... Naked Attraction 1
4. Minulý týden jsme se dozvěděli... Venezuela 1
5. Hokejová extraliga zažila v mi... HC Sparta Praha, HC Dynamo Pardubice 0.5
6. Rozdělení Římské říše v roce 3... 476 (Západořímská) a 1453 (Východořímská) 0
7. Ve 14. století Evropu sevřela... D 1
8. Adolf Hitler se nepoučil z výs... 6. armáda, (Friedrich) Paulus 0.5
9. Jedním z největších přešlapů m... Lehman Brothers 1
10. Jak moc velkou chybou byl či n... A 1